书目信息 |
| 题名: |
单片机原理与应用
|
|
| 作者: | 许鞍 , 陈耀 , 李玲玲 编著 | |
| 分册: | ||
| 出版信息: | 北京 北京希望电子出版社 2003.02 |
|
| 页数: | 291页 | |
| 开本: | 26cm | |
| 丛书名: | ||
| 单 册: | ||
| 中图分类: | TP368.1 | |
| 科图分类: | ||
| 主题词: | 微型计算机 | |
| 电子资源: | ||
| ISBN: | 7-900101-67-5 | |
| 000 | 00665nam0 2200217 45 | |
| 001 | 0455449045 | |
| 005 | 2004091615240904 | |
| 010 | @a7-900101-67-5@d25.00CNY | |
| 100 | @a20040916d2003 km y0chiy0120 ea | |
| 101 | 0 | @achi |
| 102 | @aCN@b110000 | |
| 200 | 1 | @a单片机原理与应用@ADan Pian Ji Yuan Li Yu Ying Yong@f许鞍,陈耀,李玲玲编著@FXu An,Chen Yao,Li Ling Ling Bian Zhu |
| 210 | @a北京@c北京希望电子出版社@d2003.02 | |
| 215 | @a291页@d26cm | |
| 606 | 0 | @a微型计算机 |
| 690 | @aTP368.1@v3 | |
| 701 | 0 | @a许鞍@AXu An@4编著 |
| 701 | 0 | @a陈耀@AChen Yao@4编著 |
| 701 | 0 | @a李玲玲@ALi Ling Ling@4编著 |
| 801 | 0 | @aCN@bPFT@c20040916 |
| 905 | @a安徽大学@dTP368.1@eX855 | |
| 单片机原理与应用/许鞍,陈耀,李玲玲编著.-北京:北京希望电子出版社,2003.02 |
| 291页;26cm |
| ISBN 7-900101-67-5:25.00CNY |
| ● |
| 相关链接 |
|
|
|
正题名:单片机原理与应用
索取号:TP368.1/X855
 
预约/预借
| 序号 | 登录号 | 条形码 | 馆藏地/架位号 | 状态 | 备注 |
| 1 | 394210 | 203942109 | 自科库301/301自科库 63排3列5层/ [索取号:TP368.1/X855] | 在馆 | |
| 2 | 394211 | 203942118 | 自科库301/301自科库 63排3列5层/ [索取号:TP368.1/X855] | 在馆 | |
| 3 | 394212 | 203942127 | 自科库301/301自科库 58排3列5层/ [索取号:TP368.1/X855] | 在馆 |